000 00351nam a22001457a 4500
003 OSt
005 20160727222350.0
008 160622b xxu||||| |||| 00| 0 eng d
040 _ctest
100 _9369
_aJoy, M,
245 _aHild at Allotment Lane School
260 _aPenguin Group
_c1987
300 _aHild at Allotment Lane School
942 _2ddc
_cBK
999 _c300
_d300